Normal view
MARC view
- Carswell,Ron/Webb.Heidi
Entry Personal Name
001 - CONTROL NUMBER
- control field: 1111
003 - CONTROL NUMBER IDENTIFIER
- control field: JO-AjAnu
005 - DATE AND TIME OF LATEST TRANSACTION
- control field: 20230606070503.0
008 - FIXED-LENGTH DATA ELEMENTS
- fixed length control field: 230606|| aca||aabn | a|a d
040 ## - CATALOGING SOURCE
- Original cataloging agency: JO-AjAnu
- Transcribing agency: JO-AjAnu
100 ## - HEADING--PERSONAL NAME
- Personal name: Carswell,Ron/Webb.Heidi
670 ## - SOURCE DATA FOUND
- Source citation: Work cat.: (JO-AjAnu)582: Carswell,Ron/Webb.Heidi, author, Guide to Parallel Operating Systems With Windws XP and Linux